[Event "COL-ch U14 Girls"]
[Site "Cartagena"]
[Date "2023.04.15"]
[Round "5"]
[White "Cortes, Melissa Alejandra"]
[Black "Polania Naranjo, Laura Camila"]
[Result "1-0"]
[WhiteElo "1119"]
[BlackElo "1406"]
[PlyCount "43"]
[EventDate "2023.04.13"]
[EventType "swiss"]
[EventRounds "7"]
[EventCountry "COL"]
[SourceTitle "CBM 213 Extra"]
[Source "ChessBase"]
[SourceDate "2023.05.31"]
[SourceVersion "1"]
[SourceVersionDate "2023.05.31"]
[SourceQuality "1"]

1. e4 c5 2. Nf3 d6 3. Nc3 e6 4. d4 cxd4 5. Nxd4 a6 6. Be2 Nd7 7. 0-0 Ngf6 8. f4 Be7 9. Kh1 Qc7 10. Be3 b5 11. a3 Bb7 12. Qe1 e5 13. fxe5 dxe5 14. Nf5 Nxe4 15. Nxe4 Bxe4 16. Nxg7+ Kd8 17. Bf3 Bxf3 18. Rxf3 Qxc2 19. Rc1 Qxb2 20. Qa5+ Nb6 21. Qxb6+ Kd7 22. Qc7# 1-0

[Event "COL-ch U1800"]
[Site "Moniquira"]
[Date "2018.07.21"]
[Round "5"]
[White "Cortes, Melissa Alejandra"]
[Black "Ramirez, Orlando"]
[Result "0-1"]
[WhiteElo "1241"]
[BlackElo "1425"]
[PlyCount "98"]
[EventDate "2018.07.19"]
[EventType "swiss"]
[EventRounds "7"]
[EventCountry "COL"]
[SourceTitle "CBM 187 Extra"]
[Source "ChessBase"]
[SourceDate "2018.11.04"]
[SourceVersion "1"]
[SourceVersionDate "2018.11.04"]
[SourceQuality "1"]

1. e4 e5 2. Nf3 Nf6 3. Bc4 Be7 4. 0-0 Nc6 5. Nc3 0-0 6. d3 h6 7. Nd5 d6 8. h3 a6 9. Bb3 Na5 10. Nxe7+ Qxe7 11. Bd2 Nxb3 12. axb3 Be6 13. Qc1 Kh7 14. Bxh6 gxh6 15. d4 exd4 16. Nxd4 Nxe4 17. Qe1 Qh4 18. g3 Nxg3 19. fxg3 Qxh3 20. Qe4+ Kg8 21. Nxe6 Qxe6 22. Qxe6 fxe6 23. Rxf8+ Rxf8 24. Rf1 Rxf1+ 25. Kxf1 Kg7 26. Kf2 Kg6 27. Kf3 Kg5 28. g4 d5 29. c3 b5 30. b4 e5 31. Ke3 Kxg4 32. Kd3 h5 33. c4 bxc4+ 34. Kc3 h4 35. b3 cxb3 36. Kxb3 h3 37. Ka4 h2 38. Ka5 h1Q 39. Kxa6 Qa1+ 40. Kb5 Qa8 41. Kc5 Qb7 42. b5 Kf5 43. b6 cxb6+ 44. Kb4 Ke6 45. Kb5 Kd6 46. Kb4 b5 47. Kb3 Qb6 48. Kb4 Kc6 49. Kb3 Qd4 0-1